ბათუმის შოთა რუსთაველის სახელმწიფო უნივერსიტეტის ბიბლიოთეკა

კაცობრიობა ტრიუმფატორის მოლოდინში, ანუ ეტიუდები "დიდი თამაშების" ისტორიიდან / (ბიბ.ჩანაწერი № 60416)

000 -ლიდერი
ფიქსირებული სიგრძის საკონტროლო ველი 01226nam a22001937a 4500
003 - საკონტროლო ნომრის იდენტიფიკატორი
საკონტროლო ველი Ge_BSU
005 - ბოლო ოპერაციის თარიღი და დრო
საკონტროლო ველი 20230713154454.0
008 - ფიქსირებული სიგრძის მონაცემთა ელემენტები - ზოგადი ინფორმაცია
ფიქსირებული სიგრძის საკონტროლო ველი 230713s2003ge xxu||||| |||| 00| 0 geo d
041 ## - ენის კოდი
Language code of text/sound track or separate title geo
080 ## - უნივერსალური ათობითი კლასიფიკაციის ინდექსი
Universal Decimal Classification number 327.57 გ-35
100 ## - მთავარი ჩანაწერი - პიროვნების სახელი
Personal name გერგაია, პაატა, ავტ.
9 (RLIN) 19309
245 ## - ცნობა სათაურის შესახებ
Title კაცობრიობა ტრიუმფატორის მოლოდინში, ანუ ეტიუდები "დიდი თამაშების" ისტორიიდან /
Statement of responsibility, etc პაატა გერგაია, [რედ. გელა ბერძენიშვილი].
264 ## - წარმოების, გამოცემის, დისტრიბუციის და სხვა ცნობები
გამოცემის, წარმოების, დისტრიბუციის... ადგილი თბილისი :
გამოცემის, წარმოების, დისტრიბუციის... სახელწოდება უნივერსალი,
გამოცემის, წარმოების, დისტრიბუციის... თარიღი 2003.
300 ## - ფიზიკური აღწერა
Extent 56 გვ. ;
Other physical details 20 სმ.
653 ## - INDEX TERM--UNCONTROLLED
Uncontrolled term სახელმწიფოთა მშვიდობიანი თანაარსებობა. აშშ-ს საგარეო პოლიტიკა. რუსეთის საგარეო პოლიტიკა. ჩინეთის საგარეო პოლიტიკა.
653 ## - INDEX TERM--UNCONTROLLED
Uncontrolled term პოლიტიკა
700 ## - ADDED ENTRY--PERSONAL NAME
Personal name ბერძენიშვილი, გელა
Relator term რედაქტორი
9 (RLIN) 19310
942 ## - ADDED ENTRY ELEMENTS (KOHA)
Source of classification or shelving scheme
Koha item type წიგნი
ეგზემპლარები
ჩამოწერის სტატუსი დაკარგული ეგზემპლარის სტატუსი კლასიფიკაციის წყარო ან თაროზე გაწყობის სქემა დაზიანების სტატუსი არ გაიცემა მუდმივი მდებარეობა (დაცვის ადგილი) ამჟამინდელი ადგილსამყოფელი თაროზე განთავსების ადგილი შეძენის თარიღი ღირებულება, შესყიდვის ნორმალური ფასი სრული შენახვის შიფრი შტრიხკოდი ბოლო ოპერაციის თარიღი ეგზემპლარის მიმდევრობითი ნომერი (კეტერი?) Uniform Resource Identifier ფასის ძალაში შესვლის თარიღი ეგზემპლარის სახეობა საჯარო შენიშვნა
          ბათუმის შოთა რუსთაველის სახელმწიფო უნივერსიტეტის მთავარი ბიბლიოთეკა ბათუმის შოთა რუსთაველის სახელმწიფო უნივერსიტეტის მთავარი ბიბლიოთეკა წიგნსაცავი 2023-07-13 3.00 327.57 გ-35 64959 2023-07-13 64959 ბსუ-ს საპატიო დოქტორის გურამ ლორთქიფანიძის საჩუქარი 2023-07-13 წიგნი 3.00